ভারতবর্ষের স্বাধীনতা অর্জন ১৯৪৭ : (Record no. 84441)
[ view plain ]
| 000 -LEADER | |
|---|---|
| fixed length control field | 01632nam a2200265 a 4500 |
| 001 - CONTROL NUMBER | |
| RUCL Control Number | 84441 |
| 003 - CONTROL NUMBER IDENTIFIER | |
| rucl marc code | BD-RjUL |
| 005 - DATE AND TIME OF LATEST TRANSACTION | |
| control field | 20241204140830.0 |
| 008 - FIXED-LENGTH DATA ELEMENTS--GENERAL INFORMATION | |
| fixed length control field | 241204s2022 bg a|||| m||| 00| 0 ben d |
| 035 ## - SYSTEM CONTROL NUMBER | |
| system control number | (BD-RjUL)84441 |
| 040 ## - CATALOGING SOURCE | |
| Original cataloging agency | BD-RjUL |
| Language of cataloging | ben/eng |
| Transcribing agency | BD-RjUL |
| Modifying agency | BD-RjUL |
| 041 ## - LANGUAGE CODE | |
| Language code of Book | ben |
| 082 ## - DEWEY DECIMAL CLASSIFICATION NUMBER | |
| Classification number | 954.9205092 |
| DDC Edition number | 23 |
| Author mark and Year | RAV 2022 |
| 100 ## - MAIN ENTRY--PERSONAL NAME | |
| Personal name | রানা, সোহেল |
| 9 (RLIN) | 14572 |
| 245 10 - TITLE STATEMENT | |
| Title | ভারতবর্ষের স্বাধীনতা অর্জন ১৯৪৭ : |
| Remainder of title | ব্রিটিশ কৌশল / |
| Statement of responsibility, etc | গবেষক সোহেল রানা ; |
| Name of Supervisor/Co-Supervisor | গবেষণা তত্ত্বাবধায়ক : মো. মাহফুজুর রহমান |
| 246 ## - VARYING FORM OF TITLE | |
| Title proper/short title | Independence of India 1947: |
| Remainder of title | British strategy / |
| 260 ## - PUBLICATION, DISTRIBUTION, ETC. (IMPRINT) | |
| Place of publication, distribution, etc | রাজশাহী : |
| Name of publisher, distributor, etc | ইসলামের ইতিহাস ও সংস্কৃতি বিভাগ, রাজশাহী বিশ্ববিদ্যালয়, |
| Date of publication, distribution, etc | ২০২২ |
| 300 ## - PHYSICAL DESCRIPTION | |
| Pagination | xvii, ২২৬ পাতা : |
| Other physical details | চিত্র ; |
| Dimensions | ২৯ সেমি. |
| 502 ## - DISSERTATION NOTE | |
| Dissertation note | থিসিস (এম. ফিল.) -- ইসলামের ইতিহাস ও সংস্কৃতি বিভাগ, রাজশাহী বিশ্ববিদ্যালয়, ২০২২ |
| 504 ## - BIBLIOGRAPHY, ETC. NOTE | |
| Bibliography, etc | গ্রন্থপঞ্জি : পাতা [২১৫]-২২৬ |
| 650 ## - SUBJECT ADDED ENTRY--TOPICAL TERM | |
| Topical term or geographic name as entry element | ইতিহাস |
| Form subdivision | ইতিহাস ও সমালোচনা |
| Topical term or geographic name as entry element | History |
| Form subdivision | History and Criticism |
| 700 ## - ADDED ENTRY--SUPERVISOR/CO-SUPERVISOR NAME | |
| Personal name | রহমান, মো. মাহফুজুর, গবেষণা তত্ত্বাবধায়ক |
| 9 (RLIN) | 5605 |
| 942 ## - ADDED ENTRY ELEMENTS (KOHA) | |
| Source of classification or shelving scheme | Dewey Decimal Classification |
| Koha item type | Theses |
| Source of classification or shelving scheme | Damaged status | Not for loan | Collection code | Permanent Location | Current Location | Shelving location | Date of accession | Source of acquisition | Total Checkouts | Full call number | Barcode | Date last seen | Copy number | Thesis |
|---|---|---|---|---|---|---|---|---|---|---|---|---|---|---|
| Dewey Decimal Classification | Not For Loan | Theses | Central Library, University of Rajshahi | Central Library, University of Rajshahi | Documentation Section | 21/11/2024 | Controller of Exam. R.U. | BTHE 954.9205092 RAV 2022 | D5047 | 04/12/2024 | C-I | Theses |